1962 1819 1019 1793 1231 1547 1112 1929 1103 1299 1824 1106 1102 1569 1233 1458 1733 1526 1879 1385 1481 1775 1103 1021 1013 1032 1909 1836 1054 1171 1675 1482 1908 1161 1327 1896 1479 1401 1373 1789 1743 1224 1960 1662 1464 1302 1464 1548 1793 1158 1255 1928 1723 1317 1751 1484 1928 1144 1768 1903 1640 1371 1989 1476 1628 1901 1687 1619 1156 1507 1042 1401 1698 1859 1352 1697 1966 1097 1988 1735 1206 1500 1464 1304 1055 1528 1801 1068 1475 1964 1688 1821 1730 1607 1490 1334 1978 1591 1954 BCNSPRNW ULIB Ver.6.0+V

เปลี่ยนเป็นภาษาไทย

Change to English
 แสดงรายละเอียดบรรณานุกรม
  กลับหน้าหลัก

Brief Record : Get Marc (ISO 2709) : E-mail record : QR code < ปิดหน้าต่าง
LEADER : 00000nam 2200000uu 4500
001    13399108150
003     ULIB
008    110219s2551||||th 000 0 tha d
020    9749770706(ล.1)
060  4 WY150^bซ166ก ล.1 2551
100 0  ชมนาด วรรณพรสิริ
245 00 การพยาบาลผู้ใหญ่ เล่ม1/^cบรรณาธิการ:ชมนาด วรรณพรสิริ,วราภรณ์ สัตยวงศ์
250    พิมพ์ครั้งที่ 2
260    นนทบุรี:^bโครงการสวัสดิการ สถาบันพระบรมราชชนก,^c2551
300    345 หน้า:^bภาพประกอบ
650  7 การพยาบาลโรคเฉพาะทาง
650  7 การพยาบาลผู้ใหญ่
945    ^p280^l0^i026265
995    ทศพร
999 ^a ใช้งานได้ทุกระบบ
รายการนี้ยังไม่มีแท็ก
คุณยังไม่ได้ล็อกอิน คุณสามารถมีกิจกรรมร่วมกับเว็บไซต์ได้ แต่ต้องล็อกอินก่อน ::
  ล็อกอิน

รายการสื่อสารสนเทศ

ลำดับที่ ประเภท เลขเรียก/บาร์โค้ด สถานที่ สถานะ
- ไม่พบข้อมูล -

รายการใกล้เคียง
    ผู้แต่ง [ชมนาด วรรณพรสิริ]

    หัวเรื่อง [การพยาบาลโรคเฉพาะทาง]
    หัวเรื่อง [การพยาบาลผู้ใหญ่]

BibComment


ยังไม่เคยถูกคอมเมนท์

คอมเมนท์ทรัพยากรรายการนี้
  คอมเมนท์: การพยาบาลผู้ใหญ่ ..


 Copyright 2026. Bcnsprnw @Library